| 000 | 01441nam0a22004571 4500 | ||
|---|---|---|---|
| 001 | RU\NLR\A1SV\45616 | ||
| 005 | 20251203171251.9 | ||
| 035 | _a(NLR Aleph) 009727750 | ||
| 090 |
_a9897639 _c9897639 |
||
| 100 | _a20030228d1918 u y0rusy50 ca | ||
| 101 | 0 | _arus | |
| 102 | _aRU | ||
| 200 | 1 |
_aЕврейская антология _eСб. молодой евр. поэзии _fПод ред. В.Ф.Ходасевича, Л.Б.Яффе _gПредисл. М.О.Гершензона |
|
| 210 |
_aМ. _cСафрут _d1918 |
||
| 215 |
_aXIV, [2], 189 с. _d24 см |
||
| 300 | _aДата указана на корешке | ||
| 451 | 1 | _1001RU\NLR\A1SV\45617 | |
| 620 | _dМосква | ||
| 702 | 1 |
_aХодасевич _bВ.Ф. _f1886-1939 _gВладислав Фелицианович |
|
| 702 | 1 |
_aЯффе _bЛ.Б. _f1876-1948 _gЛев Борисович |
|
| 702 | 1 |
_aГершензон _bМ.О. _f1869-1925 _gМихаил Осипович |
|
| 801 | 0 |
_aRU _bNLR _c20030228 |
|
| 899 |
_aРНБ _j17.155.4.14 |
||
| 899 | _aРКП | ||
| 899 | _aБАН | ||
| 899 |
_aРНБ _j133/3450 |
||
| 899 | _aГПИБ | ||
| 899 | _aРГБ | ||
| 899 | _aСПбГУ | ||
| 899 | _aТОУНБ | ||
| 899 | _aНБ Бел. | ||
| 899 | _aNLI | ||
| 899 | _aLitNB | ||
| 899 | _aМГУ | ||
| 899 | _aКирОУНБ | ||
| 899 | _aОренбургОУНБ | ||
| 942 | _cBOOK | ||
| 980 | _aNB | ||
| 980 | _aA1SV | ||
| 980 | _aA1SV | ||